[Event "25e tournoi 1hKO"]
[Site "Montigny le Bretonneux"]
[Date "2023.05.18"]
[Round "3.7"]
[White "Briquet, Tom"]
[Black "Hoarau, Jules"]
[Result "1-0"]
[WhiteElo "1548"]
[BlackElo "1416"]
[Annotator "Rivier,Sylvain"]
[PlyCount "72"]
[EventDate "2023.??.??"]

{DÃ©fense scandinave} 1. e4 d5 2. exd5 Nf6 3. d4 Nxd5 4. Nf3 Bf5 5. Bd3 Bxd3 6.
Qxd3 e6 7. O-O Nd7 8. a3 c5 9. c4 N5f6 10. d5 Nb6 11. Re1 Be7 12. Ne5 exd5 13.
cxd5 Nbxd5 14. Qb5+ Kf8 15. Qc4 Bd6 16. Nc3 Bxe5 17. Rxe5 Nxc3 18. Qxc5+ Kg8
19. Qxc3 Rc8 20. Qe1 h6 21. Bf4 Kh7 22. Rd1 Qb6 23. Re7 Rhe8 24. Qe5 Rxe7 25.
Qxe7 Qxb2 26. Qxf7 Qxa3 27. Qxb7 Qa4 28. Qb1+ Kh8 29. Be5 Qc6 30. Qg6 Qc1 31.
Rf1 Qg5 32. Qxg5 hxg5 33. f4 gxf4 34. Rxf4 Rc6 35. g4 Re6 36. Bb2 a5 {suite
non notÃ©e} 1-0

[Event "25e tournoi 1hKO"]
[Site "Montigny le Bretonneux"]
[Date "2023.05.18"]
[Round "3.8"]
[White "Guerin, Sasha"]
[Black "Martin-Breteau, Paul"]
[Result "1-0"]
[WhiteElo "1194"]
[BlackElo "1506"]
[Annotator "Rivier,Sylvain"]
[PlyCount "61"]
[EventDate "2023.??.??"]

{Partie du pion dame} 1. d4 d5 2. Nc3 Nf6 3. Bf4 e6 4. Nb5 Na6 5. e3 c6 6. Nc3
Bd6 7. Bxd6 Qxd6 8. Nf3 Nd7 9. Be2 e5 10. dxe5 Nxe5 11. Qd4 f6 12. e4 Nxf3+ 13.
Bxf3 Nb4 14. Rc1 c5 15. Qd2 d4 16. O-O Qd7 17. Nd5 Nxd5 18. exd5 O-O 19. c3
dxc3 20. Qxc3 b6 21. Qc4 Kh8 22. d6 Bb7 23. Bxb7 Qxb7 24. Rcd1 Rad8 25. Rfe1
Qc6 26. Qd3 Rd7 27. Re7 Rfd8 28. Qe3 Rxe7 29. Qxe7 Qd7 30. Re1 Qxd6 31. Qxd6
1-0

[Event "25e tournoi 1hKO"]
[Site "Montigny le Bretonneux"]
[Date "2023.05.18"]
[Round "3.9"]
[White "Forissier, Nicolas"]
[Black "Nosperger, Mael"]
[Result "1-0"]
[WhiteElo "1887"]
[BlackElo "1334"]
[Annotator "Rivier,Sylvain"]
[PlyCount "37"]
[EventDate "2023.??.??"]

{DÃ©fense est-indienne} 1. d4 Nf6 2. c4 e6 3. Nc3 b6 4. Nf3 Bb7 5. e3 Be7 6.
Bd3 O-O 7. e4 d6 8. O-O Nbd7 9. Re1 e5 10. Nd5 Nxd5 11. exd5 exd4 12. Nxd4 Ne5
13. Nf5 Bg5 14. Qh5 Nxd3 15. Bxg5 f6 16. Ne7+ Kh8 17. Re3 fxg5 18. Qxh7+ Kxh7
19. Rh3# 1-0

[Event "25e tournoi 1hKO"]
[Site "Montigny le Bretonneux"]
[Date "2023.05.18"]
[Round "3.10"]
[White "Suffert, Martin"]
[Black "Piquard, Yaroslav"]
[Result "0-1"]
[WhiteElo "1368"]
[BlackElo "1616"]
[Annotator "Rivier,Sylvain"]
[PlyCount "45"]
[EventDate "2023.??.??"]

{Partie du pion dame} 1. d4 d5 2. Bf4 Nf6 3. Nf3 e6 4. e3 Nbd7 5. Bd3 a6 6. c4
dxc4 7. Bxc4 b5 8. Bb3 Bb7 9. O-O c5 10. dxc5 Nxc5 11. Bc2 Qxd1 12. Rxd1 Nd5
13. Be5 Nb4 14. Rc1 Nbd3 15. Bxd3 Nxd3 16. Rd1 Rd8 17. Nbd2 Nxe5 18. Nxe5 f6
19. Nef3 Bb4 20. a3 Ba5 21. Nb3 Bb6 22. Rxd8+ Kxd8 23. Kf1 {Suite non notÃ©e}
0-1

[Event "25e tournoi 1hKO"]
[Site "Montigny le Bretonneux"]
[Date "2023.05.18"]
[Round "3.11"]
[White "Moulun, Raphael"]
[Black "Zheng, Linyi"]
[Result "0-1"]
[WhiteElo "1355"]
[BlackElo "1561"]
[Annotator "Rivier,Sylvain"]
[PlyCount "76"]
[EventDate "2023.??.??"]

{Ouverture Bird} 1. f4 d5 2. c4 c6 3. Nf3 Bf5 4. e3 Nd7 5. d4 Ngf6 6. Nc3 e6 7.
Be2 Be7 8. O-O c5 9. cxd5 exd5 10. b3 O-O 11. Ne5 Rc8 12. Bd2 Be6 13. f5 cxd4
14. exd4 Nxe5 15. fxe6 Nc6 16. exf7+ Rxf7 17. Be3 Qa5 18. Na4 Ba3 19. Bg4 Re8
20. Nc5 Bxc5 21. dxc5 Rxe3 22. Rxf6 gxf6 23. Bh5 Rd7 24. Qg4+ Rg7 25. Qc8+ Nd8
26. b4 Qc7 27. Qf5 Qe5 28. Qxe5 fxe5 29. Rf1 d4 30. b5 Rc3 31. c6 bxc6 32. Bf3
Rc5 33. bxc6 Nxc6 34. Re1 Re7 35. Rb1 d3 36. Be4 d2 37. Kf2 Rc1 38. Bd5+ Kg7
0-1

[Event "25e tournoi 1hKO"]
[Site "Montigny le Bretonneux"]
[Date "2023.05.18"]
[Round "3.12"]
[White "Branson, James"]
[Black "Abdallaoui, Mohamed Mehdi"]
[Result "1-0"]
[WhiteElo "1537"]
[BlackElo "1352"]
[Annotator "Rivier,Sylvain"]
[PlyCount "33"]
[EventDate "2023.??.??"]

{DÃ©fense sicilienne, systÃ¨me fermÃ©} 1. e4 c5 2. Nc3 Nc6 3. f4 e6 4. Bc4 a6
5. a4 Nge7 6. d3 d5 7. Bb3 dxe4 8. Nxe4 Nf5 9. Nf3 b6 10. O-O Ncd4 11. g4 Nh4
12. Be3 Nhxf3+ 13. Rxf3 Bb7 14. Rg3 Nxb3 15. cxb3 Qd5 16. Qc2 g5 17. Nf6+ 1-0

[Event "25e tournoi 1hKO"]
[Site "Montigny le Bretonneux"]
[Date "2023.05.18"]
[Round "3.13"]
[White "Kissian, Pascal"]
[Black "Bozier, Teodor"]
[Result "1-0"]
[WhiteElo "1523"]
[BlackElo "1213"]
[Annotator "Rivier,Sylvain"]
[PlyCount "81"]
[EventDate "2023.??.??"]

{Partie du pion dame} 1. d4 d5 2. Bg5 h6 3. Bh4 Bf5 4. e3 Nf6 5. Nf3 e6 6. Nbd2
Be7 7. c3 Ne4 8. Bg3 Nxg3 9. hxg3 c5 10. Bb5+ Nc6 11. Ne5 Qb6 12. Qa4 Rc8 13.
Bxc6+ bxc6 14. b3 O-O 15. f3 Bd6 16. Nd7 Qc7 17. Nxf8 Bxg3+ 18. Ke2 Rxf8 19. f4
Bg4+ 20. Nf3 cxd4 21. cxd4 a5 22. Rac1 Rc8 23. Rc5 f6 24. Rhc1 Qa7 25. Rxc6
Rxc6 26. Qxc6 Kh8 27. Rc5 Qb8 28. Qc8+ Qxc8 29. Rxc8+ Kh7 30. Kd2 g5 31. fxg5
hxg5 32. Rc5 a4 33. b4 Bd6 34. Rb5 Kg6 35. a3 Kf5 36. Rb6 Bc7 37. Ra6 e5 38.
Rxa4 exd4 39. Nxd4+ Ke4 40. Ne2 f5 41. b5+ 1-0

[Event "25e tournoi 1hKO"]
[Site "Montigny le Bretonneux"]
[Date "2023.05.18"]
[Round "3.14"]
[White "Couradin, Jean-Marie"]
[Black "Druet, Arnaud"]
[Result "1/2-1/2"]
[WhiteElo "1476"]
[BlackElo "1199"]
[Annotator "Rivier,Sylvain"]
[PlyCount "88"]
[EventDate "2023.??.??"]

{DÃ©fense Caro-Kann, variante des deux cavaliers} 1. e4 c6 2. Nc3 d5 3. Nf3 Bg4
4. h3 Bh5 5. g4 Bg6 6. exd5 cxd5 7. Bb5+ Nc6 8. Ne5 Rc8 9. Nxg6 hxg6 10. d4 a6
11. Ba4 b5 12. Bb3 e6 13. Be3 Bb4 14. a3 Be7 15. Qd2 Nf6 16. f3 Bd6 17. Bg5
Bg3+ 18. Kf1 Bd6 19. Kg2 O-O 20. h4 Qb6 21. Ne2 Na5 22. Ba2 Nc4 23. Bxc4 Rxc4
24. c3 Re8 25. Bf4 e5 26. dxe5 Bxe5 27. Bxe5 Rxe5 28. Nd4 Rc8 29. Rhe1 Rce8 30.
Rxe5 Rxe5 31. Re1 Nd7 32. Rxe5 Nxe5 33. Qe2 Qf6 34. Kg3 Nc4 35. Qe8+ Kh7 36.
Qe2 Qd6+ 37. f4 Qc7 38. Nf3 f6 39. g5 Nd6 40. Nd4 Ne4+ 41. Kf3 Qd7 42. Qg2 a5
43. Qg4 Nd2+ 44. Kg3 Qe7 1/2-1/2

[Event "25e tournoi 1hKO"]
[Site "Montigny le Bretonneux"]
[Date "2023.05.18"]
[Round "3.15"]
[White "Foare, Etienne"]
[Black "Witkowski, Gwendal"]
[Result "1-0"]
[WhiteElo "1318"]
[BlackElo "1470"]
[Annotator "Rivier,Sylvain"]
[PlyCount "57"]
[EventDate "2023.??.??"]

{DÃ©fense sicilienne, variante Alapine} 1. e4 c5 2. c3 d5 3. exd5 Qxd5 4. d4 e6
5. Nf3 Nc6 6. Bd3 Bd7 7. Bc2 cxd4 8. cxd4 g6 9. Nc3 Qh5 10. O-O Nge7 11. Ne4
Nd5 12. Bb3 Be7 13. Ng3 Nc3 14. bxc3 Qa5 15. d5 Nd8 16. Bb2 Bf6 17. Qe2 O-O 18.
c4 Bxb2 19. Qxb2 exd5 20. cxd5 b6 21. h4 h5 22. Qf6 Rc8 23. Ne5 Bb5 24. Nxg6
fxg6 25. Qxg6+ Kh8 26. Nxh5 Rc7 27. Qh6+ Kg8 28. d6+ Rcf7 29. Qg7# 1-0

[Event "25e tournoi 1hKO"]
[Site "Montigny le Bretonneux"]
[Date "2023.05.18"]
[Round "3.16"]
[White "Privat, Jean-Claude"]
[Black "Nguyen, Alexandre"]
[Result "1-0"]
[WhiteElo "1465"]
[BlackElo "1199"]
[Annotator "Rivier,Sylvain"]
[PlyCount "45"]
[EventDate "2023.??.??"]

{DÃ©fense sicilienne, Ã©tau de Maroczy} 1. d4 Nf6 2. Nf3 d6 3. c4 g6 4. Nc3 Bg7
5. e4 O-O 6. Be2 c5 7. O-O cxd4 8. Nxd4 Nc6 9. Be3 Nd7 10. Bg4 Nde5 11. Nxc6
bxc6 12. Bxc8 Rxc8 13. Qe2 Qc7 14. Rac1 f5 15. Rfd1 Ng4 16. Bd4 d5 17. g3 e5
18. Bc5 dxe4 19. Bxf8 Bxf8 20. Nxe4 Nxh2 21. Nf6+ Kg7 22. Rd7+ Kxf6 23. Rxc7
1-0

[Event "25e tournoi 1hKO"]
[Site "Montigny le Bretonneux"]
[Date "2023.05.18"]
[Round "3.17"]
[White "Tanchoux, Pierre"]
[Black "Durez, Gerard"]
[Result "0-1"]
[WhiteElo "1236"]
[BlackElo "1379"]
[Annotator "Rivier,Sylvain"]
[PlyCount "90"]
[EventDate "2023.??.??"]

{Ouverture du pion dame} 1. d4 Nf6 2. Nf3 e6 3. e3 Be7 4. Bd3 c5 5. c3 cxd4 6.
cxd4 Nc6 7. a3 d5 8. O-O Bd7 9. Nc3 a6 10. Ne5 Rc8 11. b4 O-O 12. Bb2 b5 13.
Rc1 Ne8 14. Qc2 f5 15. f4 Nd6 16. Qe2 Be8 17. Qd1 Rf6 18. Be2 Rh6 19. Qe1 Nxe5
20. fxe5 Nc4 21. Bxc4 bxc4 22. Rc2 Bh4 23. g3 Be7 24. Bc1 Rg6 25. Rg2 Rb8 26.
Rff2 a5 27. Na2 axb4 28. axb4 Ra8 29. Rf4 Bg5 30. Rf3 Be7 31. Qf1 h5 32. h3 Ba4
33. g4 hxg4 34. hxg4 fxg4 35. Rfg3 Bb3 36. Rxg4 Rxg4 37. Rxg4 Rxa2 38. Qh3 Ra1
39. Qh6 Rxc1+ 40. Kg2 Rc2+ 41. Kh3 Qf8 42. Qxe6+ Qf7 43. Qc8+ Bf8 44. Rf4 Qh5+
45. Rh4 Qf3# 0-1

[Event "25e tournoi 1hKO"]
[Site "Montigny le Bretonneux"]
[Date "2023.05.18"]
[Round "3.18"]
[White "Baysse, Nathan"]
[Black "Ferreira, Carlos"]
[Result "0-1"]
[WhiteElo "1199"]
[BlackElo "1675"]
[Annotator "Rivier,Sylvain"]
[PlyCount "152"]
[EventDate "2023.??.??"]

{DÃ©fense sicilienne} 1. e4 c5 2. Nf3 e6 3. c4 Nc6 4. Nc3 a6 5. d3 Qc7 6. Be3
Nf6 7. Qd2 b6 8. Be2 Bb7 9. Bg5 Be7 10. d4 cxd4 11. Nxd4 Nxd4 12. Qxd4 Bd6 13.
Bxf6 gxf6 14. Qxf6 Be5 15. Qf3 h5 16. Qh3 f5 17. O-O O-O-O 18. Rac1 Bxc3 19.
Rxc3 Bxe4 20. Qe3 Kb8 21. c5 b5 22. Rfc1 Bc6 23. Bf3 Rdg8 24. Bxc6 Qxc6 25. Qf3
Rc8 26. Qxc6 Rxc6 27. f4 h4 28. Kf2 Rg8 29. Rd1 Kc7 30. Rdd3 b4 31. Rc2 a5 32.
g3 Rh8 33. gxh4 Rxh4 34. Kg3 Rh7 35. h4 Kd8 36. Rd6 Rg7+ 37. Kh2 Rg4 38. Rxc6
dxc6 39. Rd2+ Kc7 40. Rd6 Rxh4+ 41. Kg3 Rh6 42. a3 bxa3 43. bxa3 Kb7 44. Rd1
Kc7 45. a4 Rg6+ 46. Kf3 Rh6 47. Kg3 Rg6+ 48. Kf3 Rg8 49. Rd6 Rg6 50. Rd1 Rg8
51. Rd6 Re8 52. Rd4 e5 53. fxe5 Rxe5 54. Kf4 Rxc5 55. Ke3 Kb6 56. Kd2 Rd5 57.
Rxd5 cxd5 58. Ke3 Kc5 59. Kd3 f4 60. Ke2 Kb4 61. Kf3 Kxa4 62. Kxf4 Kb4 63. Ke3
a4 64. Kd4 a3 65. Kxd5 a2 66. Ke4 a1=Q 67. Kd5 Qc3 68. Ke4 Qd2 69. Ke5 Kc5 70.
Kf5 Qe3 71. Kg4 Qf2 72. Kh3 Qg1 73. Kh4 Kd5 74. Kh3 Ke5 75. Kh4 Kf4 76. Kh5
Qg5# 0-1

[Event "25e tournoi 1hKO"]
[Site "Montigny le Bretonneux"]
[Date "2023.05.18"]
[Round "3.19"]
[White "Cogez, Celine"]
[Black "Genovart, Lucas"]
[Result "1-0"]
[WhiteElo "1505"]
[BlackElo "1199"]
[Annotator "Rivier,Sylvain"]
[PlyCount "37"]
[EventDate "2023.??.??"]

{Partie Ã©cossaise} 1. e4 e5 2. Nf3 Nc6 3. d4 exd4 4. Nxd4 Nxd4 5. Qxd4 d6 6.
Nc3 Be6 7. Be3 Nf6 8. O-O-O g6 9. e5 dxe5 10. Qxe5 Qe7 11. Qb5+ Bd7 12. Qxb7
Qd8 13. Bb5 Bd6 14. Bh6 Qc8 15. Bxd7+ Nxd7 16. Qe4+ Be7 17. Rhe1 Qd8 18. Nd5 f5
19. Nxc7+ 1-0

[Event "25e tournoi 1hKO"]
[Site "Montigny le Bretonneux"]
[Date "2023.05.18"]
[Round "3.20"]
[White "Nosperger, Theo"]
[Black "Bouloc, Roger"]
[Result "1-0"]
[WhiteElo "1199"]
[BlackElo "1357"]
[Annotator "Rivier,Sylvain"]
[PlyCount "39"]
[EventDate "2023.??.??"]

{DÃ©fense sicilienne} 1. e4 c5 2. Nf3 Nc6 3. Bc4 e6 4. Nc3 a6 5. a4 Bd6 6. O-O
Ne5 7. Nxe5 Bxe5 8. f4 Bxc3 9. dxc3 b6 10. Qf3 Bb7 11. f5 Nf6 12. Bd3 h6 13.
Bd2 O-O 14. Qg3 Nxe4 15. Bxe4 Bxe4 16. Bxh6 Qf6 17. Bg5 Qd8 18. Bxd8 Raxd8 19.
f6 g6 20. Qh4 1-0

[Event "25e tournoi 1hKO"]
[Site "Montigny le Bretonneux"]
[Date "2023.05.18"]
[Round "3.21"]
[White "Couradin, Bruno"]
[Black "Galichet, Noe"]
[Result "1-0"]
[WhiteElo "1343"]
[BlackElo "1009"]
[Annotator "Rivier,Sylvain"]
[PlyCount "49"]
[EventDate "2023.??.??"]

{Partie du pion dame} 1. d4 d5 2. Nf3 Nc6 3. Bf4 Bf5 4. Nc3 Nf6 5. a3 e6 6. e3
h6 7. Bd3 Bd6 8. Bxd6 Qxd6 9. Bxf5 exf5 10. Qd3 O-O-O 11. Qxf5+ Qd7 12. Qd3
Rhe8 13. O-O Re4 14. Qe2 Ng4 15. Nxe4 dxe4 16. Nd2 Qd6 17. Qxg4+ Kb8 18. Nxe4
f5 19. Qxf5 Nxd4 20. Nxd6 Nxf5 21. Nxf5 g6 22. Nd4 g5 23. Rad1 h5 24. Nf3 g4
25. Rxd8# 1-0

[Event "25e tournoi 1hKO"]
[Site "Montigny le Bretonneux"]
[Date "2023.05.18"]
[Round "3.22"]
[White "Carbonero, Jean Marc"]
[Black "El Yaalaoui, Adam"]
[Result "0-1"]
[WhiteElo "1027"]
[BlackElo "1199"]
[Annotator "Rivier,Sylvain"]
[PlyCount "110"]
[EventDate "2023.??.??"]

{DÃ©fense sicilienne} 1. e4 c5 2. Nf3 g6 3. Bb5 a6 4. Be2 Bg7 5. c4 Nc6 6. O-O
Nf6 7. Nc3 O-O 8. d3 Rb8 9. Bf4 d6 10. d4 cxd4 11. Nxd4 Qb6 12. Nxc6 bxc6 13.
b3 Nh5 14. Bxh5 Bxc3 15. Rc1 Bg7 16. Bf3 Rb7 17. Be3 Qa5 18. a4 Rd8 19. Bd2 Qc5
20. b4 Qe5 21. Bc3 Qg5 22. Bd2 Qf6 23. Bc3 Qe6 24. Bxg7 Kxg7 25. Qd4+ Qf6 26.
e5 Qxe5 27. Qxe5+ dxe5 28. Bxc6 Rxb4 29. Rfe1 Bd7 30. Red1 e6 31. Rxd7 Rxd7 32.
Bxd7 f5 33. c5 Rb7 34. c6 Rc7 35. Bxe6 Kf6 36. Bd5 Ke7 37. Bg8 h6 38. Rc5 Kd6
39. Bd5 Kxc5 40. Bf3 e4 41. Be2 a5 42. Bb5 g5 43. Kf1 Rxc6 44. Ke2 Rd6 45. f3
exf3+ 46. gxf3 Kd4 47. Bd3 Re6+ 48. Kd2 f4 49. Bf5 Re3 50. Bg4 Ra3 51. Bd7 Ra2+
52. Kc1 Rxh2 53. Kd1 Ke3 54. Bg4 Rf2 55. Bh5 Rxf3 0-1

[Event "25e tournoi 1hKO"]
[Site "Montigny le Bretonneux"]
[Date "2023.05.18"]
[Round "3.23"]
[White "Orfila, Hugo"]
[Black "Garabedian, Christophe"]
[Result "0-1"]
[WhiteElo "1009"]
[BlackElo "1199"]
[Annotator "Rivier,Sylvain"]
[PlyCount "98"]
[EventDate "2023.??.??"]

{DÃ©fense Alekhine, variante de chasse} 1. e4 Nf6 2. Nc3 g6 3. Nf3 Bg7 4. Bc4
O-O 5. O-O d6 6. Nd5 c6 7. Nxf6+ Bxf6 8. d3 e5 9. Be3 c5 10. Qd2 Nc6 11. Ng5
Ne7 12. Bb3 Qd7 13. Qe2 d5 14. Qf3 Qd6 15. Qh3 Bxh3 16. Nxh3 dxe4 17. dxe4 Rac8
18. Rad1 Qc6 19. Bd5 Nxd5 20. exd5 Qd6 21. f4 e4 22. f5 Bxb2 23. fxg6 fxg6 24.
Rb1 Rxf1+ 25. Kxf1 Bd4 26. Bxd4 cxd4 27. Ng5 Qxh2 28. Nxe4 Qh1+ 29. Ke2 Qxb1
30. d6 Re8 31. d7 Qb5+ 32. Kf3 Rd8 33. Nf6+ Kg7 34. Ne8+ Kf8 35. Nd6 Qd5+ 36.
Kf2 Qxd6 37. a4 Qxd7 38. c4 Re8 39. a5 Qf7+ 40. Kg1 d3 41. a6 bxa6 42. c5 d2
43. c6 Rc8 44. Kh2 Rxc6 45. Kg3 Qf1 46. Kh3 d1=R 47. Kh4 Qh1+ 48. Kg4 Rc4+ 49.
Kg5 Qh4# 0-1

[Event "25e tournoi 1hKO"]
[Site "Montigny le Bretonneux"]
[Date "2023.05.18"]
[Round "3.24"]
[White "Orfila, Aylin"]
[Black "Orfila, Leila"]
[Result "0-1"]
[WhiteElo "1099"]
[BlackElo "1009"]
[Annotator "Rivier,Sylvain"]
[PlyCount "22"]
[EventDate "2023.??.??"]

{DÃ©fense des deux cavaliers} 1. e4 e5 2. Nf3 Nc6 3. Nc3 Nf6 4. Bc4 d5 5. exd5
e4 6. Ng5 Bd6 7. O-O O-O 8. dxc6 bxc6 9. d3 Qe7 10. dxe4 Qe5 11. b3 Qxh2# 0-1

[Event "25e tournoi 1hKO"]
[Site "Montigny le Bretonneux"]
[Date "2023.05.18"]
[Round "3.25"]
[White "Zheng, Zhaokang"]
[Black "Robic, Raphael"]
[Result "1-0"]
[WhiteElo "1009"]
[BlackElo "1099"]
[Annotator "Rivier,Sylvain"]
[PlyCount "87"]
[EventDate "2023.??.??"]

{Partie italienne} 1. e4 e5 2. Nf3 Nc6 3. Bc4 Nf6 4. Nc3 Bc5 5. O-O O-O 6. d3
d6 7. Be3 Bxe3 8. fxe3 Bg4 9. h3 Bxf3 10. Rxf3 Qe7 11. Nd5 Nxd5 12. Bxd5 Nb4
13. Rg3 Nxd5 14. exd5 c6 15. Qg4 g6 16. dxc6 bxc6 17. h4 f5 18. Qg5 Qxg5 19.
Rxg5 f4 20. exf4 exf4 21. h5 h6 22. Rxg6+ Kh7 23. Re1 Rae8 24. Rxe8 Rxe8 25.
Rxd6 Rf8 26. Rxc6 f3 27. gxf3 Rxf3 28. c4 Rh3 29. d4 Rxh5 30. d5 Rg5+ 31. Kf2
h5 32. d6 Rg7 33. Rc7 Rxc7 34. dxc7 h4 35. c8=Q Kh6 36. Qg4 a5 37. c5 a4 38. c6
a3 39. bxa3 Kh7 40. c7 Kh6 41. c8=R Kh7 42. Qe6 Kg7 43. Rc7+ Kf8 44. Qc8# 1-0

[Event "25e tournoi 1hKO"]
[Site "Montigny le Bretonneux"]
[Date "2023.05.20"]
[Round "4.1"]
[White "Divies, Renaud"]
[Black "Fruchard, Cyrille"]
[Result "0-1"]
[WhiteElo "1855"]
[BlackElo "2330"]
[Annotator "Rivier,Sylvain"]
[PlyCount "86"]
[EventDate "2023.??.??"]

{Ouverture anglaise} 1. c4 Nf6 2. Nc3 e5 3. e4 Bc5 4. g3 d6 5. h3 h5 6. d3 h4
7. g4 Nh7 8. f4 Bxg1 9. Rxg1 Nc6 10. g5 Nd4 11. Be3 c6 12. Bxd4 exd4 13. Ne2
Nf8 14. Qd2 Qb6 15. O-O-O a5 16. Kb1 a4 17. f5 Nd7 18. Nf4 Ne5 19. Be2 Qc5 20.
Rc1 b5 21. cxb5 Qxb5 22. Rc2 Bd7 23. Ka1 Qa5 24. Qxa5 Rxa5 25. Rf1 g6 26. Ng2
gxf5 27. exf5 Rg8 28. Nxh4 Rxg5 29. a3 Rg3 30. Nf3 Nxf3 31. Rxf3 Rg1+ 32. Rf1
Rxf1+ 33. Bxf1 Rxf5 34. Bg2 c5 35. Re2+ Re5 36. Rxe5+ dxe5 37. Kb1 Bf5 38. Bc6+
Ke7 39. Bxa4 c4 40. Kc1 cxd3 41. h4 e4 42. Kd1 e3 43. b4 Bg4+ 0-1

[Event "25e tournoi 1hKO"]
[Site "Montigny le Bretonneux"]
[Date "2023.05.20"]
[Round "4.2"]
[White "Plantet, Marc"]
[Black "Fayolle, Guy"]
[Result "1-0"]
[WhiteElo "1821"]
[BlackElo "1615"]
[Annotator "Rivier,Sylvain"]
[PlyCount "73"]
[EventDate "2023.??.??"]

{Défense est-indienne, attaque des quatre pions} 1. d4 Nf6 2. c4 g6 3. Nc3 Bg7
4. e4 d6 5. Be2 O-O 6. f4 c5 7. d5 e6 8. g4 exd5 9. cxd5 Re8 10. e5 dxe5 11. g5
Nfd7 12. Nf3 exf4 13. Bxf4 Ne5 14. O-O Bh3 15. Bb5 Nbd7 16. Re1 Qb6 17. Nxe5
Bxe5 18. Bxd7 Bd4+ 19. Kh1 Bxd7 20. Qd2 Bf5 21. h4 Rad8 22. d6 Qc6+ 23. Kh2 Qf3
24. Bg3 Qg4 25. Qg2 Bd7 26. Nd5 Rxe1 27. Rxe1 Bc6 28. Ne7+ Kg7 29. Nxc6 bxc6
30. Qxc6 Qd7 31. Qd5 Qf5 32. Qg2 h6 33. gxh6+ Kxh6 34. Rd1 Qe6 35. Bf4+ Kh7 36.
Qg5 Qe2+ 37. Qg2 1-0

[Event "25e tournoi 1hKO"]
[Site "Montigny le Bretonneux"]
[Date "2023.05.20"]
[Round "4.3"]
[White "Chevallier, Stephane"]
[Black "Lamorelle, Julien"]
[Result "0-1"]
[WhiteElo "1617"]
[BlackElo "2296"]
[Annotator "Rivier,Sylvain"]
[PlyCount "54"]
[EventDate "2023.??.??"]

{Gambit dame, dÃ©fense slave, variante d'Ã©change} 1. c4 c6 2. Nc3 d5 3. cxd5
cxd5 4. d4 Nf6 5. g3 Nc6 6. Bg2 Bf5 7. Nf3 e6 8. a3 Bd6 9. O-O O-O 10. h3 Ne4
11. Nxe4 Bxe4 12. e3 Qb6 13. Nd2 Bd3 14. Re1 Rac8 15. Qb3 Qa6 16. Bf1 Bxf1 17.
Rxf1 Rc7 18. Qa2 Qe2 19. Nb1 Rd8 20. Nc3 Qf3 21. Nb5 Bxg3 22. Nxc7 Bxc7 23. b4
f5 24. Re1 f4 25. Qe2 Qxh3 26. f3 Qg3+ 27. Kf1 fxe3 0-1

[Event "25e tournoi 1hKO"]
[Site "Montigny le Bretonneux"]
[Date "2023.05.20"]
[Round "4.4"]
[White "Goujon, Antoine"]
[Black "Briquet, Tom"]
[Result "1/2-1/2"]
[WhiteElo "1638"]
[BlackElo "1548"]
[Annotator "Rivier,Sylvain"]
[PlyCount "70"]
[EventDate "2023.??.??"]

{Partie du pion dame} 1. d4 d5 2. Nc3 Nf6 3. Bf4 e6 4. Nb5 Na6 5. e3 Be7 6. Nf3
O-O 7. Ne5 c5 8. c3 Ne4 9. Bd3 f5 10. Bxe4 fxe4 11. O-O cxd4 12. Nxd4 Bg5 13.
Bg3 Qe7 14. Qg4 Bf6 15. f3 Nc5 16. Rad1 Bxe5 17. Bxe5 Nd3 18. Rxd3 exd3 19. Rd1
Bd7 20. Rxd3 Rad8 21. Qg3 Rf7 22. Rd2 h6 23. h4 Kh7 24. f4 Rg8 25. h5 g6 26.
hxg6+ Rxg6 27. Qh3 Rf8 28. Rf2 Rfg8 29. Nf3 Rg3 30. Qh2 R3g4 31. Ng5+ Kg6 32.
Nf3 Kh7 33. Bd4 Bb5 34. Ne5 R4g7 35. Nf3 Rg4 1/2-1/2

[Event "25e tournoi 1hKO"]
[Site "Montigny le Bretonneux"]
[Date "2023.05.20"]
[Round "4.5"]
[White "Lim, Chin"]
[Black "Guerin, Sasha"]
[Result "1-0"]
[WhiteElo "1903"]
[BlackElo "1194"]
[Annotator "Rivier,Sylvain"]
[PlyCount "49"]
[EventDate "2023.??.??"]

{DÃ©fense GrÃ¼nfeld} 1. d4 Nf6 2. c4 g6 3. Nc3 d5 4. Nf3 Bg7 5. Bg5 Ne4 6. cxd5
Nxg5 7. Nxg5 e6 8. Qd2 Bh6 9. f4 Bxg5 10. fxg5 exd5 11. e4 c6 12. O-O-O O-O 13.
h4 Be6 14. h5 Bg4 15. hxg6 fxg6 16. Re1 dxe4 17. Nxe4 Nd7 18. Bc4+ Kg7 19. Nf6
Nxf6 20. gxf6+ Kh8 21. Re7 Bh5 22. Qh6 Qxe7 23. fxe7 Rfe8 24. Rxh5 gxh5 25.
Qf6# 1-0

[Event "25e tournoi 1hKO"]
[Site "Montigny le Bretonneux"]
[Date "2023.05.20"]
[Round "4.6"]
[White "Branson, James"]
[Black "Forissier, Nicolas"]
[Result "0-1"]
[WhiteElo "1537"]
[BlackElo "1887"]
[Annotator "Rivier,Sylvain"]
[PlyCount "78"]
[EventDate "2023.??.??"]

{Partie viennoise} 1. e4 e5 2. Nc3 Nc6 3. f4 d6 4. Nf3 Be7 5. d4 exd4 6. Nxd4
Nxd4 7. Qxd4 Bf6 8. Qe3 Ne7 9. e5 dxe5 10. fxe5 Nf5 11. Qe4 Bh4+ 12. g3 Be7 13.
Bd2 Nd4 14. Nb5 Nxb5 15. Bxb5+ c6 16. Bc4 O-O 17. Bd3 g6 18. O-O-O Be6 19. Bc4
Qc8 20. h4 Bf5 21. Qf4 b5 22. Be2 Qa6 23. a3 Bxa3 24. bxa3 Qxa3+ 25. Kb1 Qb3+
26. Ka1 Bxc2 27. Qb4 Bxd1 28. Bxd1 Qxg3 29. Bf4 Qd3 30. h5 c5 31. Qb2 Qe4 32.
Rf1 Rfd8 33. Bg4 Rd4 34. Bd1 Rxd1+ 35. Rxd1 Qa4+ 36. Kb1 Qxd1+ 37. Bc1 Qd3+ 38.
Ka1 Qd4 39. hxg6 hxg6 0-1

[Event "25e tournoi 1hKO"]
[Site "Montigny le Bretonneux"]
[Date "2023.05.20"]
[Round "4.7"]
[White "Claisse, Patrick"]
[Black "Privat, Jean-Claude"]
[Result "1-0"]
[WhiteElo "1702"]
[BlackElo "1465"]
[Annotator "Rivier,Sylvain"]
[PlyCount "37"]
[EventDate "2023.??.??"]

{Partie espagnole dÃ©fense fermÃ©e} 1. e4 e5 2. Nf3 Nc6 3. Bb5 a6 4. Ba4 Nf6 5.
O-O Be7 6. Re1 b5 7. Bb3 d6 8. c3 O-O 9. h3 Be6 10. Bc2 d5 11. exd5 Qxd5 12.
Qe2 Bd6 13. d3 Nd7 14. Bb3 Qc5 15. Be3 Nd4 16. cxd4 exd4 17. Bxd4 Qf5 18. Bxe6
Qf4 19. g3 1-0

[Event "25e tournoi 1hKO"]
[Site "Montigny le Bretonneux"]
[Date "2023.05.20"]
[Round "4.8"]
[White "Piquard, Yaroslav"]
[Black "Foare, Etienne"]
[Result "1-0"]
[WhiteElo "1616"]
[BlackElo "1318"]
[Annotator "Rivier,Sylvain"]
[PlyCount "59"]
[EventDate "2023.??.??"]

{DÃ©fense Caro-Kann, variante d'Ã©change} 1. e4 c6 2. d4 d5 3. exd5 cxd5 4. c4
Nf6 5. Nc3 Nc6 6. c5 a6 7. Bf4 Bg4 8. Be2 Bxe2 9. Ngxe2 e6 10. O-O Nh5 11. Be3
g6 12. f4 Ng7 13. Ng3 h5 14. Rb1 h4 15. Nh1 Nf5 16. Qd2 Bxc5 17. dxc5 d4 18.
Bf2 dxc3 19. Qxc3 Nfd4 20. Rfe1 Qd5 21. Re5 Nxe5 22. Qxd4 Qxd4 23. Bxd4 Nf3+
24. gxf3 Rh5 25. Be5 Rd8 26. Nf2 g5 27. Ne4 gxf4 28. Nf6+ Ke7 29. Nxh5 Rd5 30.
Bd6+ 1-0